000
00215nam a22000857a 4500
001
1240508
005
20251009103349.0
245
_a
BİR KÜÇÜK OSMANCIK VARDI
_c
HASAN NAİL CANAT
260
_b
GENÇ TİMAŞ YAYINLARI
999
_c
1240508
_d
1240508